000 00736nam a2200253Ia 4500
003 GCL
005 20240530101801.0
008 140319s9999 xx 000 0 ara d
040 _aGCL /
_cGCL
082 0 4 _a191
_bز م
100 1 _aزكريا ابراهيم
245 1 0 _aالمشكلة الخلقية /
_cزكريا ابراهيم
250 _aالاولى
260 _aالقاهرة :
_bمكتبة مصر ،
_c1991
300 _a238 ص ؛
_c24سم
490 _aمشكلات فلسفية
_v6
650 0 4 _aالفلسفة
650 0 4 _aالاخلاق
650 0 4 _aاللاهوت
650 0 4 _aالفلاسفة
650 0 4 _aفلسفة الطبيعة
650 0 4 _aالنقدية ( فلسفة )
942 _2ddc
_cBK
999 _c27687
_d27687